| 000 | 00694nam a22002417a 4500 | ||
|---|---|---|---|
| 003 | DO-SdBNP | ||
| 005 | 20220525083605.0 | ||
| 007 | ta | ||
| 008 | 110301s2015 dr 000 0 spa d | ||
| 020 | _a9789945082319 | ||
| 040 |
_aDO-SdBNP _bspa _cBNPHU |
||
| 082 | 4 |
_axxxx _bM828a |
|
| 100 | 1 |
_aMorales, Socorro _953018 |
|
| 245 | 1 | 0 |
_aAlas de sabiduría / _cSocorro Morales |
| 260 |
_aSanto Domingo : _b[s.d.], _c2015. |
||
| 300 |
_a254 p. : _c23 cm. |
||
| 500 | _aIncluye datos biográficos de la autor en las solapas. | ||
| 500 | _aIncluye notas a pie de páginas. | ||
| 504 | _aBibliografía p: 249 | ||
| 590 | _aInventariado, 2022/ YL | ||
| 910 | _aYLockward | ||
| 942 |
_2ddc _cLBS1 |
||
| 999 |
_c51804 _d51804 |
||